000 01042nam a22002537a 4500
005 20240530110523.0
008 160223s2012 ua a g b 000 0dara d
017 _a2011/5453
_bمصر . دار الكتب المصرية
020 _a9789777045223
040 _aEG-CaGPL
082 0 4 _221
_a327.42053\
_bك ت
100 0 _aكورتيس ، مارك .
245 1 2 _aالتاريخ السرى لتامر بريطانيا مع الاصوليين /
_cتاليف مارك كورتيس ؛ ترجمة كمال السيد .
250 _aط1.
260 _aالقاهرة :
_bالمركز القومى للترجمة ،
_c2012 .
300 _a575 ص ؛
_c24 سم .
490 0 _aالمركز القومى للترجمة : العدد 1915 .
651 0 4 _aبريطانيا
_xالعلاقات الخارجية
_zالعالم الاسلامى .
651 0 4 _aالبوسنة والهرسك .
651 0 4 _aالبلقان .
700 0 _aكمال السيد
_eمترجم .
942 _2ddc
_cBK
999 _c61935
_d61935